Normal view
MARC view
- French, Thomas Ewing,
Entry Personal Name
001 - CONTROL NUMBER
- control field: 3515
003 - CONTROL NUMBER IDENTIFIER
- control field: NUST
005 - DATE AND TIME OF LATEST TRANSACTION
- control field: 20170720155000.0
008 - FIXED-LENGTH DATA ELEMENTS
- fixed length control field: 170720|| aca||aabn | a|a d
040 ## - CATALOGING SOURCE
- Original cataloging agency: NUST
- Transcribing agency: NUST
100 ## - HEADING--PERSONAL NAME
- Personal name: French, Thomas Ewing,
670 ## - SOURCE DATA FOUND
- Source citation: Work cat.: (NUST)0: French, Thomas Ewing,, A manual of engineering drawing for students and draftsmen,, 1953.
